000
00306nam a2200145Ia 4500
100
_a
Peryshkin/ A.V./ Rodina/ N.A.
942
_c
BK
654
_a
Physics
245
_a
Junior Physics
260
_b
Mir Publishers
_c
1982
082
_a
530
_b
PER/ROD
300
_a
336
546
_a
ENGLISH
999
_c
29649
_d
29649